000 00409 a2200169 4500
001 195435
020 _a978-85-69815-32-7
040 _cMagnum
100 _aGonçalves, Regina Celes de Oliveira
240 1 0 _aO barquinho Ubaldo e o Rio Doce
_lpor
245 1 0 _aO barquinho Ubaldo e o Rio Doce
300 _a24
362 0 _a2020
440 1 _aEis editora
697 _aLITERATURA INFANTO
942 _cBK
999 _c195435
_d195435